Polka na šest : Akrobat

Podrobná bibliografia
Hlavný autor: Ondruš, Ján (cmd, Spevák, Textár, Dirigent)
Korporatívny autor: Rytmická skupina (Účinkujúci)
Médium: CD Zvuková nahrávka
Jazyk:slovenčina
PhysicalDescription:1 gramofónová platňa 18 cm
Vydavateľské údaje: Praha Supraphon [1959]
Predmet:

MARC

LEADER 00000njm a2200000 4500
001 vtls012133444
003 SK-MaSNL
005 20260331212259.0
007 sd cszc p
008 220503s1959 xr sgz g 0 slo
028 0 1 |a 013312  |b Supraphon 
028 1 3 |a 45 SP 0108/A 1B  |b Supraphon 
028 1 3 |a 45 SP 0109/A 1C  |b Supraphon 
028 0 1 |a F 194659  |b Supraphon 
040 |a SNK  |b slo  |e rda  |c SNK 
041 0 |a slo 
044 |a xr  |c CZ 
072 7 |a 78.011.26  |x Populárna hudba. Populárne piesne. Populárna tanečná hudba  |2 konspekt 
080 |a 78.03.011.26  |2 2011 
080 |a (086.72)  |2 2011 
100 1 |a Ondruš, Ján  |4 sng  |4 cmd  |4 lyr  |4 cnd  |9 322665 
245 0 0 |a Polka na šest : Akrobat  |c Ján Ondruš 
264 1 |a Praha  |b Supraphon  |c [1959] 
264 4 |c Ⓟ1959 
300 |a 1 gramofónová platňa  |c 18 cm 
336 |a hraná hudba  |b prm  |2 rdacontent 
337 |a audio  |b s  |2 rdamedia 
338 |a iný  |b z  |2 rdacarrier 
340 |a vinyl  |a rda 
344 |a analog  |c 45 ot/min  |g stereo  |2 rda 
500 |a Platňa obsahuje 2 piesne 
500 |a Názov prevzatý z obalu 
500 |a Miesto vydania podľa vydavateľa 
650 0 7 |a populárna hudba  |2 SNKPH  |9 3428 
650 0 7 |a Popular music  |2 SNKPHeng  |9 90436 
655 7 |a gramofónové platne  |2 SNKPH  |9 74608 
655 7 |a Gramophone records  |2 SNKPHeng  |9 286457 
710 2 |a Rytmická skupina  |4 prf  |9 292357 
740 0 2 |a Polka na šest  |h zvukový záznam 
740 0 2 |a Akrobat  |h zvukový záznam 
999 |c 1042829  |d 1044759 
952 |a SNK  |b SNK  |y PREZ  |7 0  |p 17A1420194  |o snk 45-147  |i snk1780/67  |0 0  |1 0  |4 0  |d 2022-05-03  |l 0  |r 2026-02-24 14:29:45  |w 2026-02-24